000 00645nam a2200289Ia 4500
005 20260324122435.0
008 008 260324s9999 xx 000 0 eng d
020 _a9780203101803
037 _aEBOOK
040 _aCRL
040 _beng
040 _cCRL
041 _2eng
041 _aeng
084 _qCRL
100 _aDamien Brennan
_91166462
245 0 _aIrish Insanity
245 0 _b1800–2000
260 _bTaylor and Francis
260 _c2013
365 _a
365 _b240
856 _uhttp://www.taylorfrancis.com/books/9780203101803
942 _cEBOOK
999 _c1759204
_d1759204